MARC details
| 000 -LEADER |
| fixed length control field |
03447nam a2200529 a 4500 |
| 001 - CONTROL NUMBER |
| control field |
ocn707969531 |
| 003 - CONTROL NUMBER IDENTIFIER |
| control field |
OCoLC |
| 005 - DATE AND TIME OF LATEST TRANSACTION |
| control field |
20200320185449.0 |
| 008 - FIXED-LENGTH DATA ELEMENTS--GENERAL INFORMATION |
| fixed length control field |
110621s2011 nyu 000 1 eng |
| 010 ## - LIBRARY OF CONGRESS CONTROL NUMBER |
| LC control number |
2011024847 |
| 019 ## - |
| -- |
740599759 |
| 020 ## - INTERNATIONAL STANDARD BOOK NUMBER |
| International Standard Book Number |
9780312651220 (hbk.) |
| 020 ## - INTERNATIONAL STANDARD BOOK NUMBER |
| International Standard Book Number |
0312651228 (hbk.) |
| 020 ## - INTERNATIONAL STANDARD BOOK NUMBER |
| Terms of availability |
27.99 |
| 029 1# - (OCLC) |
| OCLC library identifier |
NZ1 |
| System control number |
13789600 |
| 029 1# - (OCLC) |
| OCLC library identifier |
AU@ |
| System control number |
000047231242 |
| 035 ## - SYSTEM CONTROL NUMBER |
| System control number |
(OCoLC)707969531 |
| Canceled/invalid control number |
(OCoLC)740599759 |
| 040 ## - CATALOGING SOURCE |
| Original cataloging agency |
DLC |
| Transcribing agency |
DLC |
| Modifying agency |
IG# |
| -- |
BTCTA |
| -- |
YDXCP |
| -- |
UPZ |
| -- |
IEB |
| -- |
IUK |
| -- |
WACOL |
| 049 ## - LOCAL HOLDINGS (OCLC) |
| Holding library |
WACL |
| 050 00 - LIBRARY OF CONGRESS CALL NUMBER |
| Classification number |
PS3560.O275 |
| Item number |
B66 2011 |
| 082 00 - DEWEY DECIMAL CLASSIFICATION NUMBER |
| Classification number |
813/.54 |
| Edition number |
22 |
| 084 ## - OTHER CLASSIFICATION NUMBER |
| Classification number |
FIC031000 |
| Source of number |
bisacsh |
| 092 ## - LOCALLY ASSIGNED DEWEY CALL NUMBER (OCLC) |
| Classification number |
F |
| Item number |
Joh |
| 100 1# - MAIN ENTRY--PERSONAL NAME |
| Personal name |
Johansen, Iris |
| 9 (RLIN) |
29105 |
| 245 10 - TITLE STATEMENT |
| Title |
Bonnie / |
| Statement of responsibility, etc |
Iris Johansen. |
| 250 ## - EDITION STATEMENT |
| Edition statement |
1st ed. |
| 260 ## - PUBLICATION, DISTRIBUTION, ETC. (IMPRINT) |
| Place of publication, distribution, etc |
New York : |
| Name of publisher, distributor, etc |
St. Martin's Press, |
| Date of publication, distribution, etc |
2011. |
| 300 ## - PHYSICAL DESCRIPTION |
| Extent |
373 p. ; |
| Dimensions |
25 cm. |
| 490 1# - SERIES STATEMENT |
| Series statement |
[Eve Duncan forensics thriller ] |
| 520 ## - SUMMARY, ETC. |
| Summary, etc |
"When Eve Duncan gave birth to Bonnie, she experienced a love she never knew existed. Eve's entire life came into focus (delete reference to forensics--that happened later, right?--) and nothing was going to stand in the way of giving her daughter a wonderful life--the kind of life she herself never experienced. And then, the unthinkable happened. On an ordinary class trip to a local park, seven-year-old Bonnie vanished. Eve found herself in the throes of a nightmare that permeated her days and nights, and from which there was no escape. But a new Eve emerged: a woman who would use her remarkable talent as a forensic sculptor and her passion for helping others to find closure when the unthinkable happens to their child. A woman who would stop at nothing to find her own daughter's killer and bring her body home. A woman with both justice and vengeance on her mind. Finally, in the trilogy that began with EVE and continued with QUINN, comes the story that fans have been dying to read. With the help of her beloved Joe Quinn and CIA Agent Catherine Ling, Eve Duncan gets closer and closer to answering the questions that have tormented her. But the deeper she digs, the more she realizes that Bonnie's father, John Gallo, is a key player in solving this monstrous puzzle. And that Bonnie's disappearance was not as random as everyone had always believed. Eve, Joe, Catherine, and John find themselves in a deadly dance where answers will be uncovered, and justice might finally be served-- if they can all stay alive long enough to make it happen"-- |
| -- |
Provided by publisher. |
| 650 #0 - SUBJECT ADDED ENTRY--TOPICAL TERM |
| Topical term or geographic name as entry element |
Duncan, Eve (Fictitious character) |
| Form subdivision |
Fiction. |
| 9 (RLIN) |
5690651 |
| 650 #0 - SUBJECT ADDED ENTRY--TOPICAL TERM |
| Topical term or geographic name as entry element |
Facial reconstruction (Anthropology) |
| Form subdivision |
Fiction. |
| 9 (RLIN) |
5690652 |
| 650 #0 - SUBJECT ADDED ENTRY--TOPICAL TERM |
| Topical term or geographic name as entry element |
Women sculptors |
| Form subdivision |
Fiction. |
| 9 (RLIN) |
5690653 |
| 650 #0 - SUBJECT ADDED ENTRY--TOPICAL TERM |
| Topical term or geographic name as entry element |
Children |
| General subdivision |
Crimes against |
| Form subdivision |
Fiction. |
| 9 (RLIN) |
5682255 |
| 650 #7 - SUBJECT ADDED ENTRY--TOPICAL TERM |
| Topical term or geographic name as entry element |
FICTION / Thrillers. |
| Source of heading or term |
bisacsh |
| 9 (RLIN) |
5679973 |
| 655 #0 - INDEX TERM--GENRE/FORM |
| Genre/form data or focus term |
Domestic fiction. |
| 9 (RLIN) |
5867126 |
| 655 #7 - INDEX TERM--GENRE/FORM |
| Genre/form data or focus term |
Mystery fiction. |
| Source of term |
gsafd |
| 9 (RLIN) |
5867127 |
| 800 1# - SERIES ADDED ENTRY--PERSONAL NAME |
| Personal name |
Johansen, Iris. |
| Title of a work |
Eve Duncan forensics thriller. |
| 9 (RLIN) |
5734194 |
| 856 42 - ELECTRONIC LOCATION AND ACCESS |
| Materials specified |
Cover image |
| Uniform Resource Identifier |
<a href="http://www.netread.com/jcusers2/bk1388/220/9780312651220/image/lgcover.9780312651220.jpg">http://www.netread.com/jcusers2/bk1388/220/9780312651220/image/lgcover.9780312651220.jpg</a> |
| 938 ## - |
| -- |
Ingram |
| -- |
INGR |
| -- |
9780312651220 |
| 938 ## - |
| -- |
Baker and Taylor |
| -- |
BTCP |
| -- |
BK0009702579 |
| 938 ## - |
| -- |
YBP Library Services |
| -- |
YANK |
| -- |
6981221 |
| 942 ## - ADDED ENTRY ELEMENTS (KOHA) |
| Koha item type |
BOOK |
| 948 ## - LOCAL PROCESSING INFORMATION (OCLC); SERIES PART DESIGNATOR (RLIN) |
| Series part designator, SPT (RLIN) |
10/21/2011 |
| b (OCLC) |
07/01/2017 |
| z (OCLC) |
Sirsi |
| 994 ## - |
| -- |
02 |
| -- |
WACOL |
| 996 ## - |
| -- |
86634 |
| -- |
34301001031857 |
| -- |
F |
| -- |
bk |
| -- |
wcl |
| -- |
i |
| -- |
15 |
| -- |
27.99 |
| -- |
amazon |
| -- |
Joh |
| -- |
10/21/2011 |
| -- |
05/29/2019 |
| -- |
05/09/2019 |